Packaging Design as Part of Nestlé's Sustainable Strategy
Firma Nestlé a ekologické balenie produktov. Používanie obalov z recyklovaného papiera. Vzdelávacia kampaň na podporu recyklácie. Stratégia Nestlé týkajúca sa udržateľného dizajnu obalov a jej zameranie na tri ciele: ekologické, funkčné a bezpečné balenie produktov.
Salvato in:
| Autore principale: | |
|---|---|
| Altri autori: | |
| Natura: | Capitolo di libro |
| Lingua: | inglese |
| Soggetti: | |
| Tags: |
Nessun Tag, puoi essere il primo ad aggiungerne!!
|
MARC
| LEADER | 00000naa$a2200000$$$4500 | ||
|---|---|---|---|
| 001 | 0281042 | ||
| 005 | 20240502074351.2 | ||
| 041 | 0 | |a eng | |
| 044 | |a SK | ||
| 245 | 1 | 0 | |a Packaging Design as Part of Nestlé's Sustainable Strategy |c Jana Gondárová, Malgorzata Agnieszka Jarossová |
| 520 | |a Firma Nestlé a ekologické balenie produktov. Používanie obalov z recyklovaného papiera. Vzdelávacia kampaň na podporu recyklácie. Stratégia Nestlé týkajúca sa udržateľného dizajnu obalov a jej zameranie na tri ciele: ekologické, funkčné a bezpečné balenie produktov. | ||
| 610 | 2 | 0 | |a balenie |
| 610 | 2 | 0 | |a obaly |
| 610 | 2 | 0 | |a dizajn |
| 610 | 2 | 0 | |a ekológia |
| 610 | 2 | 0 | |a podnik |
| 100 | 1 | |a Gondárová, Jana, 1983- | |
| 700 | 1 | |a Jarossová, Malgorzata Agnieszka, 1978- | |